000
00279nam a22000977a 4500
082
_a
400
245
_a
Lucent's सामान्य हिन्दी
260
_a
पटना
_b
Lucent's प्रकाशन
_c
2023
650
_a
व्याकरण
942
_c
HIN
999
_c
65832
_d
65832